[Event "Salekhard-ch"]
[Site "Salekhard"]
[Date "2015.01.29"]
[Round "2"]
[White "Druchenko, Mikhail"]
[Black "Ashirbayev, Rizvan"]
[Result "1-0"]
[WhiteElo "1512"]
[BlackElo "1175"]
[PlyCount "89"]
[EventDate "2015.01.23"]
[EventType "swiss"]
[EventRounds "9"]
[EventCountry "RUS"]
[SourceTitle "CBM 164 Extra"]
[Source "ChessBase"]
[SourceDate "2015.03.02"]
[SourceVersion "1"]
[SourceVersionDate "2015.03.02"]
[SourceQuality "1"]

1. e4 e5 2. Nf3 Nc6 3. Bc4 Nf6 4. Ng5 d5 5. exd5 Na5 6. Bb5+ c6 7. dxc6 bxc6 8. Be2 h6 9. Nf3 e4 10. Ne5 Bd6 11. d4 exd3 12. Nxd3 Qc7 13. h3 Qb6 14. 0-0 0-0 15. Be3 Qc7 16. Nc3 Bf5 17. Re1 Rfe8 18. Bf3 Ne4 19. Bd4 Nxc3 20. Bxc3 Rxe1+ 21. Qxe1 Bh2+ 22. Kh1 Nc4 23. b3 Na3 24. Bb2 Nxc2 25. Qc3 f6 26. Qxc2 Rd8 27. Qc4+ Kh7 28. Nb4 Bd7 29. Nd5 cxd5 30. Qd3+ Kh8 31. Rc1 Bc6 32. g3 Bxg3 33. fxg3 Qd7 34. Bg4 Qc7 35. Qc3 d4+ 36. Qxc6 Qxc6+ 37. Rxc6 Rd5 38. Rc1 d3 39. Rd1 f5 40. Bh5 Kh7 41. Bf7 Rd7 42. Be6 Rd6 43. Bxf5+ g6 44. Bxd3 Kg8 45. Bc4+ 1-0

[Event "Salekhard-ch"]
[Site "Salekhard"]
[Date "2015.01.28"]
[Round "1"]
[White "Ashirbayev, Rizvan"]
[Black "Scheritsa, Semen"]
[Result "0-1"]
[WhiteElo "1175"]
[BlackElo "1675"]
[PlyCount "42"]
[EventDate "2015.01.23"]
[EventType "swiss"]
[EventRounds "9"]
[EventCountry "RUS"]
[SourceTitle "CBM 164 Extra"]
[Source "ChessBase"]
[SourceDate "2015.03.02"]
[SourceVersion "1"]
[SourceVersionDate "2015.03.02"]
[SourceQuality "1"]

1. e4 e6 2. b3 d5 3. f3 c5 4. Qe2 Be7 5. exd5 exd5 6. Bb2 d4 7. c3 Nf6 8. b4 cxb4 9. cxd4 0-0 10. d3 Nc6 11. Qf2 Bf5 12. Nd2 Nd5 13. g4 Bg6 14. Ne2 Bxd3 15. Bg2 Bf6 16. 0-0 Re8 17. Rfe1 Bxe2 18. Rxe2 Rxe2 19. Qxe2 Nxd4 20. Bxd4 Bxd4+ 21. Kh1 Bxa1 0-1